000 00458nam a2200157Ia 4500
008 210423s2011 xx 000 0 und d
020 _a9789380618463
041 _aeng
082 _a510.01 SONR
100 _aSONI (R S);SONI (Avneet Kaur).
245 _aMathematics for business economics and finance.
260 _aNew Delhi
_bAne Books
_c2011
300 _axii,1.24
_bPB
365 _b595
_cINR
906 _abusiness ; economics ; finance. ; Mathematics
999 _c159636
_d159636